00341nam a22000977a 4500003000400000008004100004245006300045250004900108260004700157650003900204OSt201218b ||||| |||| 00| 0 eng d aIndian Journal of Soft Computing Processing and Techniques a2016(Jan-Jun Vol.5 No.1, Jul-Dec Vol.5 No.2) aNew DelhibGBS Publishers and Distributors aBachelor of Computer Applications